000 00863nam a2200205Ii 4500
003 JO-AjNU
008 230605s9999||||xx |||||||||||||| ||und||
017 _a2003/5/943
040 _aJO-AjNU
_bara
_erda
_cJO-AjNU
041 _aara
050 1 4 _aPJ6351.K86 2003
100 3 _aدراسة وتقديم الزبيدي، سعيد جاسم,
_eauthor
_920738
245 0 0 _aنحوي مجهول في القرن العشرين: الشيخ يوسف كركوش 1906-1990م وكتابه رأي في الإعراب
264 3 1 _aعمان: دار اسامة للنشر والتوزيع، 2003
300 _a144ص
336 _atext
_btxt
_2rdacontent
337 _aunmediated
_bn
_2rdamedia
338 _avolume
_bnc
_2rdacarrier
650 4 _aقواعد اللغة - اللغة العربية - النقد الادبي - التحليل الادبي - التراجم
_920739
999 _aA7085
_c10653
_d10653